Sports Quiz

Random Sports Quiz

Big East Basketball Players of the Year Quiz Stats

 Plays Quiz not verified by Sporcle

Support Sporcle.
Go Orange.
Score 0/39 Timer 08:00
0 Plays Today
year player % Correct
1984-1985Patrick Ewing
90.2%
1983-1984Patrick Ewing
90.2%
2003-2004Emeka Okafor
82.9%
1995-1996Ray Allen
82.9%
1998-1999Richard Hamilton
81.3%
1997-1998Richard Hamilton
81.3%
2008-2009DeJuan Blair
78.2%
1984-1985Chris Mullin
76.2%
1983-1984Chris Mullin
76.2%
1982-1983Chris Mullin
76.2%
2009-2010Wesley Johnson
74.6%
2007-2008Luke Harangody
72.5%
1991-1992Alonzo Mourning
70.5%
2006-2007Jeff Green
66.8%
2008-2009Hasheem Thabeet
63.2%
1989-1990Derrick Coleman
63.2%
2004-2005Hakim Warrick
61.1%
2005-2006Randy Foye
60.6%
2000-2001Troy Murphy
60.6%
1999-2000Troy Murphy
60.6%
year player % Correct
1994-1995Kerry Kittles
57.5%
1988-1989Charles Smith
55.4%
1987-1988Charles Smith
55.4%
1986-1987Reggie Williams
48.2%
2010-2011Ben Hansbrough
48%
1993-1994Donyell Marshall
46.1%
2002-2003Troy Bell
40.4%
2000-2001Troy Bell
40.4%
2011-2012Jae Crowder
40%
2001-2002Caron Butler
34.2%
1990-1991Billy Owens
34.2%
1985-1986Walter Berry
33.2%
2001-2002Brandin Knight
31.1%
1992-1993Terry Dehere
30.1%
1998-1999Tim James
17.6%
1996-1997Pat Garrity
17.1%
1980-1981John Bagley
13%
1981-1982Dan Callandrillo
5.7%
1979-1980John Duren
5.7%

You're not logged in!

Compare scores with friends on all Sporcle quizzes.
OR
Log In

From the Vault

True or False: 15 Categories II

by BanjoZebra

You've got a 50/50 shot. The odds aren't THAT bad...
Remove Ads.
Support Sporcle.
Get the best of Sporcle when you Go Orange. This ad-free experience offers more features, more stats, and more fun while also helping to support Sporcle. Thank you for becoming a member.

Show Comments

Extras

Top Quizzes Today


Score Distribution

Your Account Isn't Verified!

In order to create a playlist on Sporcle, you need to verify the email address you used during registration. Go to your Sporcle Settings to finish the process.

Report this User

Report this user for behavior that violates our Community Guidelines.

Details: